000 00273nam a2200097 4500
999 _c522514
_d522514
082 _aI5135x5444 AR/5/2
100 _aGovernment of Karnataka
_937700
245 _a5th Report of the karnataka administrative reforms commision-two
260 _aBengaluru
_c2022
300 _a201p.